[Event "Corbins Lleida Nadal op"]
[Site "Corbins"]
[Date "2023.12.30"]
[Round "7"]
[White "Porta Isant, Lluis"]
[Black "Sole Pijuan, Ferran"]
[Result "0-1"]
[WhiteElo "2048"]
[BlackElo "2136"]
[PlyCount "94"]
[EventDate "2023.12.27"]
[EventType "swiss"]
[EventRounds "8"]
[EventCountry "ESP"]
[SourceTitle "CB02_2024"]
[SourceDate "2024.01.10"]
[SourceVersion "1"]
[SourceVersionDate "2024.01.10"]
[SourceQuality "1"]

1. e4 e5 2. Nf3 Nc6 3. Bb5 g6 4. 0-0 Bg7 5. c3 Nge7 6. d4 exd4 7. cxd4 a6 8. Ba4 b5 9. Bb3 d6 10. Nc3 0-0 11. h3 Na5 12. Bc2 c5 13. Bg5 h6 14. Bh4 Nac6 15. d5 Nd4 16. Nxd4 Bxd4 17. Ne2 Bxb2 18. Rb1 Bg7 19. f4 f5 20. exf5 gxf5 21. Rb3 Qe8 22. Re3 Ra7 23. g4 Qf7 24. Be1 Qxd5 25. Rxe7 Qxd1 26. Rxg7+ Rxg7 27. Bxd1 fxg4 28. Bc3 Re7 29. hxg4 Bxg4 30. Rf2 h5 31. Kf1 Rfe8 32. f5 Kf7 33. f6 Re3 34. Bd2 R3e6 35. Bc3 d5 36. Bb2 d4 37. Bb3 Bxe2+ 38. Rxe2 c4 39. Rxe6 Rxe6 40. Bd1 c3 41. Ba3 Kxf6 42. Bc5 Ke5 43. Bb3 Rc6 44. Ba3 d3 45. Kf2 Ke4 46. Bd1 Rf6+ 47. Ke1 Rf4 0-1

[Event "Lleida Regional-ch"]
[Site "Lleida"]
[Date "2022.11.06"]
[Round "5"]
[White "Subarroca Blanch, Francesco"]
[Black "Porta Isant, Lluis"]
[Result "0-1"]
[WhiteElo "1822"]
[BlackElo "1887"]
[PlyCount "28"]
[EventDate "2022.10.02"]
[EventType "swiss"]
[EventRounds "8"]
[EventCountry "ESP"]
[SourceTitle "EXT 2024"]
[Source "ChessBase"]
[SourceDate "2023.10.10"]
[SourceVersion "1"]
[SourceVersionDate "2023.10.10"]
[SourceQuality "1"]

1. c4 Nf6 2. b3 c6 3. Bb2 d5 4. cxd5 cxd5 5. Nf3 Nc6 6. e3 Bf5 7. d3 e6 8. Be2 Bb4+ 9. Bc3 Rc8 10. Bxb4 Nxb4 11. Na3 Qa5 12. Rc1 Rxc1 13. Qxc1 Nxd3+ 14. Kf1 Nxc1 0-1

[Event "Vallfogona de Balaguer Farre Mem 1st"]
[Site "Vallfogona de Balaguer"]
[Date "2022.05.21"]
[Round "5"]
[White "Porta Isant, Lluis"]
[Black "Campos Olaya, Israel"]
[Result "1-0"]
[WhiteElo "1744"]
[BlackElo "2255"]
[PlyCount "103"]
[EventDate "2022.04.23"]
[EventType "swiss"]
[EventRounds "8"]
[EventCountry "ESP"]
[SourceTitle "EXT 2023"]
[Source "ChessBase"]
[SourceDate "2022.10.05"]
[SourceVersion "1"]
[SourceVersionDate "2022.10.05"]
[SourceQuality "1"]

1. e4 g6 2. d4 Bg7 3. c3 d6 4. Bd3 Nf6 5. Ne2 0-0 6. 0-0 e5 7. Bg5 h6 8. Bh4 Nc6 9. Nd2 g5 10. Bg3 Nh5 11. d5 Ne7 12. f3 Nxg3 13. Nxg3 c6 14. dxc6 bxc6 15. Nb3 a5 16. Qc2 Rb8 17. Kh1 Qb6 18. Qf2 Qc7 19. Rad1 Be6 20. c4 a4 21. Na1 Rb4 22. b3 axb3 23. axb3 c5 24. Rb1 Rfb8 25. Ne2 Nc6 26. Rb2 Bxc4 27. Bxc4 Rxc4 28. Nc2 Nd4 29. Ne3 Ra4 30. Nxd4 Rxd4 31. Rfb1 Qb7 32. Nf5 Rd3 33. Qc2 Qa6 34. h3 Bf8 35. Qc4 Ra8 36. Qxa6 Rxa6 37. b4 c4 38. Rc2 Rb3 39. Rxb3 cxb3 40. Rb2 d5 41. Rxb3 d4 42. b5 Rb6 43. Kg1 Kh7 44. Kf1 Kg6 45. Ke2 h5 46. g4 hxg4 47. hxg4 Kf6 48. Kd3 Ke6 49. Kc4 f6 50. Rb1 Ba3 51. Ra1 Bd6 52. Ra7 1-0

[Event "Lleida Region-ch"]
[Site "Lleida"]
[Date "2021.10.17"]
[Round "3"]
[White "Porta Isant, Lluis"]
[Black "Parramon Guillaumet, Jaime"]
[Result "1-0"]
[WhiteElo "1550"]
[BlackElo "1878"]
[PlyCount "123"]
[EventDate "2021.10.03"]
[EventType "swiss"]
[EventRounds "8"]
[EventCountry "ESP"]
[SourceTitle "EXT 2023"]
[Source "ChessBase"]
[SourceDate "2022.10.05"]
[SourceVersion "1"]
[SourceVersionDate "2022.10.05"]
[SourceQuality "1"]

1. e4 d5 2. exd5 Nf6 3. d4 Bg4 4. Be2 Bxe2 5. Nxe2 Qxd5 6. 0-0 Nc6 7. Nbc3 Qh5 8. Ng3 Qg6 9. f4 e6 10. f5 Qg4 11. Qxg4 Nxg4 12. fxe6 fxe6 13. h3 Nf6 14. Be3 Bd6 15. Nge4 0-0 16. Nxf6+ Rxf6 17. Ne4 Rxf1+ 18. Rxf1 h6 19. c3 Rf8 20. Nxd6 Rxf1+ 21. Kxf1 cxd6 22. Bf4 e5 23. dxe5 dxe5 24. Be3 Kf7 25. Ke2 Ke6 26. Kd3 h5 27. Ke4 g6 28. b4 b5 29. Bg1 a6 30. Bh2 Kd6 31. g4 hxg4 32. hxg4 Ke6 33. Bg3 Kd6 34. Bf2 Ke6 35. Bb6 Nb8 36. Bc7 Nd7 37. g5 Nf8 38. Bxe5 Nd7 39. Bf4 Nb6 40. Kd4 Kf5 41. Bc1 Ke6 42. Bf4 Kf5 43. Bd2 Nc4 44. Bc1 Nb6 45. Be3 Nc4 46. Bc1 Nb6 47. a3 Ke6 48. Kc5 Na4+ 49. Kc6 Nxc3 50. Kb6 Kd5 51. Kxa6 Kc4 52. Kb6 Ne2 53. Bd2 Nd4 54. Bc1 Ne2 55. Bb2 Nf4 56. Kc6 Nd3 57. Bf6 Nf4 58. a4 bxa4 59. b5 Nd5 60. b6 Nxb6 61. Kxb6 Kd5 62. Kb5 1-0

[Event "Lleida Region-ch"]
[Site "Lleida"]
[Date "2021.10.10"]
[Round "2"]
[White "Luke Brezmes, Cristofer"]
[Black "Porta Isant, Lluis"]
[Result "1/2-1/2"]
[WhiteElo "2038"]
[BlackElo "1550"]
[PlyCount "74"]
[EventDate "2021.10.03"]
[EventType "swiss"]
[EventRounds "8"]
[EventCountry "ESP"]
[SourceTitle "EXT 2023"]
[Source "ChessBase"]
[SourceDate "2022.10.05"]
[SourceVersion "1"]
[SourceVersionDate "2022.10.05"]
[SourceQuality "1"]

1. e4 d6 2. d4 Nd7 3. Nf3 g6 4. Bc4 Nb6 5. Bb3 h6 6. Nc3 Bg7 7. Be3 a5 8. a4 Nf6 9. e5 Ng4 10. Bf4 h5 11. Bxf7+ Kxf7 12. Ng5+ Kg8 13. e6 Qf8 14. g3 Bh6 15. f3 Bxg5 16. Bxg5 Qf5 17. h4 Qxe6+ 18. Ne2 Nf6 19. Qd3 Qf5 20. Qc3 Nbd5 21. Qb3 Kg7 22. 0-0-0 Nb4 23. Nf4 Nfd5 24. Rhe1 e6 25. g4 hxg4 26. fxg4 Qxg4 27. Rg1 Qf5 28. Rdf1 Qxc2+ 29. Qxc2 Nxc2 30. Nxd5 exd5 31. Bf6+ Kh7 32. h5 Rg8 33. hxg6+ Rxg6 34. Rh1+ Rh6 35. Rhg1 Rg6 36. Rh1+ Rh6 37. Rhg1 Rg6 1/2-1/2